| 000 | 00997nam a2200205Ii 4500 | ||
|---|---|---|---|
| 003 | JO-AjNU | ||
| 008 | 230605s9999||||xx |||||||||||||| ||und|| | ||
| 040 |
_aJO-AjNU _bara _erda _cJO-AjNU |
||
| 041 | _aara | ||
| 050 | 1 | 4 | _aHF5387. T36 2013 |
| 100 | 3 |
_aاعداد التميمي، وفاء, _eauthor _951991 |
|
| 245 | 0 | 0 | _aالثقافة التنظيمية وأثرها على التزام مديري التسويق بأخلاقيات المهنة : دراسة على الشركات الصناعية المساهمة العامة الاردنية |
| 264 | 3 | 1 | _aالقاهرة: المنظمة العربية للتنمية الادارية، 2013 |
| 300 |
_a54ص _bيحتوي على ببلوغرافية من 46-54ص |
||
| 336 |
_atext _btxt _2rdacontent |
||
| 337 |
_aunmediated _bn _2rdamedia |
||
| 338 |
_avolume _bnc _2rdacarrier |
||
| 490 | 0 | _aاصدار خاص عن المجلة العربية للادارة | |
| 650 | 4 |
_aادارة التسويق - اخلاقيات المهنة _951992 |
|
| 999 |
_aA23004 _c26572 _d26572 |
||